000
00224 a2200097 4500
001
13794
100
_a
Cambridge
245
_a
The Cambridge four Figure
260
_a
Cambridge
_b
Cambridge University
_c
090
_c
10783
_d
10783
942
_a
NUST-CAE
_c
M
_c
873
999
_c
248867
_d
248867